000 00699nam a2200289Ia 4500
005 20260324134601.0
008 008 260324s9999 xx 000 0 eng d
020 _a9781410604613
037 _aEBOOK
040 _aCRL
040 _beng
040 _cCRL
041 _2eng
041 _aeng
084 _qCRL
100 _aMichael Monsour
_91197367
245 0 _aWomen and Men As Friends
245 0 _bRelationships Across the Life Span in the 21st Century
260 _bTaylor and Francis
260 _c2001
365 _a
365 _b230
856 _uhttp://www.taylorfrancis.com/books/9781410604613
942 _cEBOOK
999 _c1797622
_d1797622